000 00578nam a2200241Ia 4500
003 0100
008 130307s9999 xx 000 0 und d
020 _a0847696839
040 _cARRUPELIB
050 _aB3279.H49H285 2000
100 _aHatab, Lawrence J
245 _aEthics and finitude
245 _bHeideggerian contributions to moral philosophy
260 _aLanham
260 _bRowman & Littlefield
260 _c2000
300 _a221p.
300 _b23cm.
650 _aPHILOSOPHY
650 _bLiberty
650 _cLiberty -- Philosophy
942 0 0 _02
999 _c94238
_d94238